[Event "Basso Veronese 2nd"]
[Site "Casaleone"]
[Date "2009.11.14"]
[Round "4"]
[White "Marino, Francesco V"]
[Black "Faccia, Sergio"]
[Result "0-1"]
[WhiteElo "1887"]
[BlackElo "2054"]
[PlyCount "36"]
[EventDate "2009.11.07"]
[EventType "tourn"]
[EventRounds "7"]
[EventCountry "ITA"]
[SourceTitle "EXT 2012"]
[Source "ChessBase"]
[SourceDate "2011.11.24"]
[SourceVersion "1"]
[SourceVersionDate "2011.11.24"]
[SourceQuality "1"]

1. c4 Nf6 2. Nc3 c5 3. g3 g6 4. Bg2 Bg7 5. Nf3 0-0 6. 0-0 Nc6 7. Rb1 d5 8. cxd5 Nxd5 9. Nxd5 Qxd5 10. a3 Qa2 11. Qc2 Bg4 12. e3 c4 13. Ne1 Be2 14. b4 Qxc2 15. Nxc2 Bxf1 16. Bxf1 Ne5 17. Bb2 Nf3+ 18. Kh1 Nxd2 0-1